| 000 | 00708nam a22002177a 4500 | ||
|---|---|---|---|
| 999 |
_c17916 _d17916 |
||
| 003 | AR-CdUCM | ||
| 008 | 190510b ||||| |||| 00| 0 spa d | ||
| 040 |
_aMUNICIPALIDAD PROVINCIAL DEL CUSCO _cBIBLIOTECA MUNICIPAL DEL CUSCO |
||
| 082 |
_a863 / _bV38 |
||
| 100 |
_aVázquez Figueroa, Alberto _938162 |
||
| 245 |
_aLargo viaje al paraíso : _bexpedición submarina a Polinesia novela / |
||
| 260 |
_aBarcelona : _bMateu, _c1962. |
||
| 300 |
_a299 páginas ; _c19 cm. |
||
| 505 | _aContenido: Novela. | ||
| 650 |
_aLiteratura Española _9612 |
||
| 650 |
_aNovela Española _96059 |
||
| 650 |
_aSiglo XX _98 |
||
| 700 |
_aMoro, Acosta (portada) _938163 |
||
| 942 |
_2ddc _cLIBROS |
||
| 945 |
_aachl _d2019-05-10 |
||